Statistiques concernant Nourriture Belge par image #1

Cliquez ici pour prendre le quiz!

Statistiques générales

  • Ce quiz a été pris 168 fois
  • Le résultat moyen est 3 sur 15

Statistiques - réponses

Réponse% Correct
Frites
99%
Moules frites
46%
Café liégeois
38%
Choux de bruxelles
25%
Carbonade flamande
18%
Spéculoos
17%
Gaufre de Bruxelles
16%
Gaufres flamandes
10%
Boulets sauce lapin
6%
Lapin à la bière
4%
Pain cramique
4%
Tarte flamande
4%
Chicons à la béchamel
3%
Carrés croustillants
1%
Waterzoï de poulet
1%

Distribution des résultats

Percentile par nombre de réponses

% des personnes avec chaque résultat

Votre développement - résultats

Vous n’avez pas pris ce quiz